000
00284nam a2200121 a 4500
090
_a
LB
_b
05416
041
_a
eng
245
_a
Global biodiversity information facility financial report
_b
2007
260
_a
Co
_b
GBIF
_c
2003
300
_a
27 p.
942
_c
IMPRESO
945
_d
2004-03-29
999
_c
6771
_d
6771